| Tag |
First Indicator |
Second Indicator |
Subfields |
| LEADER |
00000cam a2200000 a 4500 |
| 001 |
in00000078700 |
| 005 |
20151008053908.0 |
| 008 |
760407s1971 maua b 00010 eng d |
| 010 |
|
|
|a 77170657
|
| 035 |
|
|
|a (OCoLC)02100124
|
| 035 |
|
|
|9 AAH8989AM
|
| 040 |
|
|
|c HHC
|d OCL
|d m.c.
|d TXA
|d UtOrBLW
|
| 043 |
|
|
|a n-us---
|
| 049 |
|
|
|a TXAM
|c [1654755]
|
| 090 |
|
|
|a HD6058
|b .H32 1971
|
| 092 |
|
|
|a 301.412
|b H213
|
| 100 |
1 |
|
|a Harbeson, Gladys Evans.
|
| 245 |
1 |
0 |
|a Choice and challenge for the American woman /
|c Gladys Evans Harbeson.
|
| 250 |
|
|
|a Rev. ed.
|
| 264 |
|
1 |
|a Cambridge, Mass. :
|b Schenkman ;
|c [1971]
|
| 264 |
|
2 |
|a Morristown, N.J. :
|b Distributed by General Learning Press,
|
| 264 |
|
4 |
|c ©1971
|
| 300 |
|
|
|a xviii, 217 pages :
|b illustrations ;
|c 24 cm.
|
| 336 |
|
|
|a text
|b txt
|2 rdacontent
|
| 337 |
|
|
|a unmediated
|b n
|2 rdamedia
|
| 338 |
|
|
|a volume
|b nc
|2 rdacarrier
|
| 504 |
|
|
|a Bibliography: pages 168-178.
|
| 650 |
|
0 |
|a Women
|x Employment
|z United States.
|
| 650 |
|
0 |
|a Women
|z United States
|x History.
|
| 999 |
|
|
|a MARS
|
| 999 |
f |
f |
|s 56a8220e-cd78-38ed-aef0-7fc84ec619e7
|i 2866fcd2-daf0-3275-b12d-1ba83a525331
|t 0
|
| 952 |
f |
f |
|p ric
|a Texas A&M University
|b Rellis Campus
|c Joint Library Facility
|d Remote Storage
|t 0
|e HD6058 .H32 1971
|h Library of Congress classification
|i unmediated -- volume
|m A14806128324
|
| 998 |
f |
f |
|a HD6058 .H32 1971
|t 0
|l Remote Storage
|